[Event "Festival Primavera Cattolica 2022"]
[Site "Cattolica"]
[Date "2022.03.17"]
[Round "3.9"]
[White "Dahale, Atul"]
[Black "Mirzoev, Emil"]
[Result "0-1"]
[WhiteElo "2148"]
[BlackElo "2460"]
[Annotator "TA"]
[PlyCount "84"]
[EventDate "2022.03.16"]
[EventType "swiss"]
[EventCountry "ITA"]
[SourceTitle "playchess.com"]
[Source "ChessBase"]
[SourceQuality "1"]

{[%evp 18,84,-25,-31,-15,-16,-35,-36,-29,-81,-46,-67,0,0,20,17,15,-8,-20,-12,-26,-41,-27,-26,-24,-69,-74,-74,-62,-65,-60,-248,-255,-267,-114,-109,-96,-185,-135,-135,-39,-42,-29,-31,-10,-31,-15,-12,-17,-15,-14,-179,-173,-275,-275,-274,-264,-274,-274,-274,-274,-274,-274,-269,-267,-274,-268,-316,-286]} 1. d4 Nf6 2. c4 c5 3. e3 g6 4. Nc3 Bg7 5. Nf3 O-O 6. Be2 cxd4 7. exd4 d5 8. h3 Nc6 9. Be3 b6 10. O-O Bb7 {D94: Grünfeld: 4 Nf3 Bg7 5 e3.} 11. Rc1 Rc8 12. b3 e6 {Black is slightly better.} 13. Qd2 {[#]} (13. Bg5 $11 {keeps the balance.}) 13... dxc4 $146 ({Predecessor:} 13... Ne4 14. Qd1 Qd7 15. cxd5 exd5 16. Bb5 a6 17. Bxc6 Rxc6 18. Nxe4 Rxc1 19. Qxc1 dxe4 {½-½ (78) Samaridis,K (2076)-Tetepoulidis,I (2108) Thessaloniki/Chalkidiki 2019}) 14. bxc4 Na5 (14... Ne7 $1 $15) 15. c5 $1 $11 Ne4 16. Nxe4 Bxe4 17. cxb6 axb6 18. Rxc8 Qxc8 19. Qb4 Qb7 20. Rc1 Nc6 {[%cal Ba5c6,Bc6e7,Be7d5][%mdl 32]} 21. Qb2 (21. Qd6 $11) 21... Ra8 $15 22. Ne1 Bd5 {Black is more active.} 23. Bc4 Ne7 $1 24. Nd3 $2 {[#]} (24. Bxd5 $15 Nxd5 25. Rc2) 24... Bxg2 $19 25. Nf4 Bd5 (25... Be4 $19 {is more deadly. aiming for ...Nf5.} 26. Qb3 Nf5) 26. Nxd5 $17 Nxd5 $40 {[%mdl 128] Black goes for the king.} 27. Bb5 (27. Bxd5 $17 {was worth a try.} Qxd5 28. Qxb6) 27... Rd8 ({Better is} 27... Rc8 $19 28. Rxc8+ Qxc8) 28. Bc6 Qa6 (28... Qb8 $17 29. Bxd5 Rxd5) 29. Bxd5 $15 Rxd5 30. Rc6 h5 {Black wants to play ...Rb5.} 31. Rxb6 Qd3 32. Rb8+ Kh7 33. Qb7 Rf5 34. Qb1 $2 {[#]} ({But not} 34. Qc8 g5 35. Qb7 Kg6 $17) (34. Re8 $11 {and White is okay.}) 34... Qe2 $19 35. a4 (35. Qc1 $142) 35... Bh6 {Black has a decisive advantage.} 36. Rb2 Qf3 37. Qc1 Bxe3 38. Qxe3 Qd1+ 39. Kh2 Qxa4 40. Re2 Qd7 41. Qe4 Rd5 42. Rd2 e5 {Weighted Error Value: White=0.32/Black=0.20 (precise)} 0-1

[Event "Festival Primavera Cattolica 2022"]
[Site "Cattolica"]
[Date "2022.03.17"]
[Round "3.10"]
[White "Koellner, Ruben Gideon"]
[Black "Begmuratov, Khumoyun"]
[Result "1/2-1/2"]
[WhiteElo "2441"]
[BlackElo "2358"]
[Annotator "TA"]
[PlyCount "154"]
[EventDate "2022.03.16"]
[EventType "swiss"]
[EventCountry "ITA"]
[SourceTitle "playchess.com"]
[Source "ChessBase"]
[SourceQuality "1"]

{[%evp 10,154,34,22,30,13,45,53,63,56,62,43,47,37,45,40,50,42,61,64,71,68,61,68,42,65,122,97,108,113,131,124,124,87,141,101,100,66,80,89,89,77,53,32,44,39,62,35,44,5,16,12,13,2,12,5,74,26,27,20,85,15,87,0,0,0,0,0,11,0,0,0,42,42,43,43,43,43,53,53,53,53,54,54,63,37,37,0,0,0,0,0,0,0,0,0,0,0,0,0,0,0,0,0,0,0,0,0,0,0,0,0,0,1,7,0,8,0,0,0,0,0,0,0,0,0,0,0,0,0,0,0,0,0,0,0,0,0,0,0,0,0,0,0,0,0,0]} 1. d4 Nf6 2. Nf3 g6 3. Nbd2 d5 4. e3 Bg7 5. b4 O-O 6. c4 dxc4 {D02: 1 d4 d5 2 Nf3 sidelines, including 2...Nf6 3 g3 and 2...Nf6 3 Bf4.} 7. Bxc4 a5 8. b5 Nbd7 {White is slightly better.} 9. Bb2 a4 10. a3 Nb6 11. Be2 {[#]} Bd7 $146 ({Predecessor:} 11... Bf5 12. Rc1 Qd6 13. h3 Rfd8 14. Nc4 Nxc4 15. Bxc4 Be4 16. O-O c6 17. bxc6 bxc6 {0-1 (34) Filzmaier,B (1780)-Piankov,E (2372) Bad Zwischenahn 2003}) 12. Ne5 Be8 13. O-O Nfd5 14. Ne4 Ra5 15. Qd2 Qa8 16. Nc3 Nxc3 17. Bxc3 Ra7 (17... Rxb5 $14 18. Bxb5 Bxb5) 18. Rfc1 {White is much more active. Black has bad knights.} Qd8 19. Qc2 Ra8 20. Be1 Nd5 21. Bf1 Qd6 (21... f6 $142) 22. Nc4 Qd8 23. Nb2 c6 $1 24. Nxa4 cxb5 25. Nc3 Nxc3 26. Bxc3 Bc6 27. Qb3 Qd7 28. Rab1 {[%cal Rf1b5]} Rfc8 $1 29. Be1 {[%cal Rf1b5]} e5 30. dxe5 Bxe5 31. h3 {[%cal Rf1b5]} Qe7 32. Bb4 Bd6 {[#]} (32... Qe8 $11) 33. Bxd6 (33. Bxb5 $1 $16 Bxb4 34. Qxb4 Qxb4 35. Rxb4) 33... Qxd6 $11 34. Rc3 h5 (34... Qe5 $1 $11) 35. Rd1 (35. Bxb5 $16 Bd5 36. Rxc8+ Rxc8 37. Qd3) 35... Qe7 (35... Qe5 $11 {remains equal.}) 36. Rd4 ({White should play} 36. Bxb5 $16 Bxb5 37. Rxc8+ Rxc8 38. Qxb5) 36... Ra5 37. Rb4 {[%cal Rf1b5]} Rca8 38. Qb2 {[%cal Rf1b5]} Qe5 39. Qc1 Qe7 40. Rbb3 Ra4 (40... Bd5 $11 41. Rb4 (41. Rxb5 Rxb5 42. Bxb5 Bxg2 $11) 41... Bc6) 41. Bxb5 $14 Bxb5 42. Rxb5 Rxa3 43. Rxa3 Rxa3 {[#]} 44. Rxb7 $1 Qxb7 45. Qxa3 {[%mdl 4096] Endgame KQ-KQ} Qb1+ 46. Kh2 Qb8+ 47. g3 h4 $1 48. e4 Qe5 {The position is equal.} 49. Qf3 hxg3+ 50. fxg3 Qb2+ 51. Qg2 Qe5 52. Qc2 Qd4 53. h4 Kg7 54. Qe2 Qe5 55. Qf3 Qb2+ 56. Kh3 Qa1 57. Qd3 Qf6 58. Kg4 Qe6+ 59. Kf4 Qf6+ 60. Ke3 Qc6 61. Qd4+ f6 62. Qb4 Qc1+ 63. Kd4 Qg1+ 64. Kd5 {Qe7+ is the strong threat.} Qxg3 65. Qe7+ Kg8 66. Qxf6 Qb3+ 67. Kc5 Qc2+ 68. Kd5 Qb3+ 69. Kd6 {White threatens Qe6+ and mate.} Qb6+ 70. Ke5 Qb2+ 71. Ke6 Qb6+ 72. Ke5 Qb2+ 73. Ke6 Qb6+ 74. Ke5 Qb2+ 75. Ke6 Qb6+ 76. Ke5 Qb2+ 77. Ke6 Qb6+ {Weighted Error Value: White=0.14 (very precise) /Black=0.12 (very precise)} 1/2-1/2

[Event "Festival Primavera Cattolica 2022"]
[Site "Cattolica"]
[Date "2022.03.18"]
[Round "4.1"]
[White "Bosiocic, Marin"]
[Black "Basso, Pier Luigi"]
[Result "1/2-1/2"]
[WhiteElo "2522"]
[BlackElo "2600"]
[Annotator "TA"]
[PlyCount "27"]
[EventDate "2022.03.16"]
[EventType "swiss"]
[EventCountry "ITA"]
[SourceTitle "playchess.com"]
[Source "ChessBase"]
[SourceQuality "1"]

{[%evp 26,27,32,0]} 1. e4 e5 2. Nf3 Nc6 3. Bb5 a6 4. Ba4 Nf6 5. O-O b5 6. Bb3 Be7 7. Re1 d6 8. c3 O-O 9. h3 Bb7 10. d4 Re8 {[#]} 11. Ng5 $146 ({Predecessor:} 11. Nbd2 Bf8 12. a4 exd4 13. cxd4 Na5 14. Bc2 b4 15. b3 g6 16. Bb2 d5 17. e5 Nh5 18. Nf1 Rc8 19. Ne3 c5 20. dxc5 Rxc5 {1-0 (65) Giri,A (2772)-Le,Q (2709) chess24.com INT 2022}) 11... Rf8 12. Nf3 Re8 13. Ng5 {13.Bc2 gains popularity.} Rf8 14. Nf3 1/2-1/2

[Event "Festival Primavera Cattolica 2022"]
[Site "Cattolica"]
[Date "2022.03.18"]
[Round "4.2"]
[White "Mirzoev, Emil"]
[Black "Bernadskiy, Vitaliy"]
[Result "1/2-1/2"]
[WhiteElo "2460"]
[BlackElo "2601"]
[Annotator "TA"]
[PlyCount "55"]
[EventDate "2022.03.16"]
[EventType "swiss"]
[EventCountry "ITA"]
[SourceTitle "playchess.com"]
[Source "ChessBase"]
[SourceQuality "1"]

{[%evp 13,55,28,25,13,14,17,38,22,32,20,0,-32,-21,-6,0,-30,0,0,39,30,34,47,31,28,35,12,78,0,0,0,0,0,0,0,0,0,0,0,166,-10,0,0,0,0]} 1. d4 d5 2. c4 c6 3. Nf3 Nf6 4. e3 Bf5 5. Nc3 e6 6. Nh4 Bg6 7. Nxg6 hxg6 8. Be2 {D12: Slav Defence: 3 Nf3 Nf6 4 e3 Bf5.} Nbd7 9. h3 a6 10. O-O {White is slightly better.} Be7 {[#]} 11. b3 $146 ({Predecessor:} 11. Qc2 O-O 12. a4 dxc4 13. Bxc4 b5 14. Be2 b4 15. Ne4 Nxe4 16. Qxe4 c5 17. Rd1 {1-0 (50) Belous,M (2293)-Malinowski,D (2029) Krakow 2019}) 11... g5 12. Bb2 Qc7 13. Rc1 Rh4 14. Re1 Bd6 15. Bf3 O-O-O 16. cxd5 exd5 {[#]} 17. Nxd5 $1 Nxd5 18. Bxd5 {[%mdl 64] And now Bf3 would win. Pin} g4 {Inhibits Bf3.} 19. Qe2 {[%cal Od5c6] Bxc6! is the strong threat.} Nf6 {[#]} (19... Bh2+ $1 $11 20. Kf1 gxh3) 20. Bxc6 $1 bxc6 $11 21. Rxc6 Qxc6 22. Rc1 Qxc1+ 23. Bxc1 Kd7 24. Qxa6 {[%cal Oe3e4]} gxh3 25. gxh3 Rxh3 $2 (25... Rc8 $11 {and Black has nothing to worry.} 26. Qa4+ Ke7) 26. Ba3 $2 {Dancing on a razor blade.} ({Only move:} 26. e4 $1 $18 {[%cal Re4e5]}) 26... Bxa3 27. Qxa3 Rdh8 28. Qa4+ {Weighted Error Value: White=0.29 (precise) /Black=0.31} 1/2-1/2

[Event "Festival Primavera Cattolica 2022"]
[Site "Cattolica"]
[Date "2022.03.18"]
[Round "4.3"]
[White "Azarov, Sergei"]
[Black "Roshka, Yevgeniy"]
[Result "1/2-1/2"]
[WhiteElo "2600"]
[BlackElo "2478"]
[Annotator "TA"]
[PlyCount "91"]
[EventDate "2022.03.16"]
[EventType "swiss"]
[EventCountry "ITA"]
[SourceTitle "playchess.com"]
[Source "ChessBase"]
[SourceQuality "1"]

{[%evp 14,91,14,0,12,22,11,11,23,27,27,0,27,30,27,27,33,23,25,24,41,0,22,3,18,0,44,34,48,40,41,38,36,49,48,45,112,106,118,34,37,30,37,35,35,29,28,27,28,0,0,0,0,0,5,6,22,12,12,14,13,16,15,15,17,12,11,14,18,0,0,0,0,0,0,0,0,0,0,0]} 1. e4 e6 2. d4 d5 3. Nd2 c5 4. Ngf3 cxd4 5. Nxd4 Nc6 6. Bb5 Bd7 7. Nxc6 bxc6 8. Bd3 $1 Bd6 {C07: French Tarrasch: 3...c5, 4 Ngf3 and 4 exd5 Qxd5.} 9. Qe2 Qc7 {9...e5 is the modern continuation.} 10. Nf3 f6 {Inhibits e5.} 11. c4 Ne7 12. O-O O-O {[#]} 13. cxd5 $146 ({Predecessor:} 13. Re1 Rae8 14. e5 fxe5 15. Nxe5 Bxe5 16. Qxe5 Qxe5 17. Rxe5 Ng6 18. Bxg6 hxg6 19. Be3 {½-½ (29) Adla,D (2491)-Fernandez Romero,E (2396) Zafra 2004}) 13... cxd5 14. exd5 Nxd5 15. Bd2 Qb6 16. b3 Rfe8 17. Rfe1 (17. Qe4 $14 {should be considered.} g6 18. Bc4) 17... Rad8 18. Qe4 g6 $1 19. Qh4 e5 (19... a5 $11) 20. Bc4 $36 {[%csl LRd5,LRf6][%mdl 2048] White has good play.} Be6 21. Bxd5 Bxd5 22. Qxf6 Rf8 23. Qh4 Bxf3 24. gxf3 Rd7 (24... Bc5 $14 25. Qc4+ Rf7) 25. Be3 (25. Qc4+ {keeps more tension.} Rff7 26. Be3 Qb4 27. Rac1 Qxc4 28. Rxc4 a5 29. Kg2) 25... Qb7 26. Qe4 ({White should play} 26. Qc4+ $16 Rff7 27. Qe6) 26... Rxf3 $14 27. Qxb7 Rxb7 28. Rad1 Bb4 29. Re2 Kf7 30. Rc2 Rf6 31. Rd5 Ke6 {The position is equal.} 32. Rd8 a5 33. Kg2 Rff7 34. Rdc8 Kd5 35. Bc1 Rf8 36. R8c4 Rf5 37. Rc6 Rff7 38. Be3 Ke4 39. R2c4+ Kf5 40. Kf3 Rfd7 41. Ke2 Rd5 42. Ra6 Rbd7 43. Kf3 Rd1 44. a3 Bxa3 45. Rxa5 Bb2 46. Rf4+ {Weighted Error Value: White=0.09 (flawless) /Black=0.07 (flawless)} 1/2-1/2

[Event "Festival Primavera Cattolica 2022"]
[Site "Cattolica"]
[Date "2022.03.18"]
[Round "4.4"]
[White "Jobava, Baadur"]
[Black "Ojas Kulkarni"]
[Result "1-0"]
[WhiteElo "2588"]
[BlackElo "2236"]
[Annotator "TA"]
[PlyCount "61"]
[EventDate "2022.03.16"]
[EventType "swiss"]
[EventCountry "ITA"]
[SourceTitle "playchess.com"]
[Source "ChessBase"]
[SourceQuality "1"]

{[%evp 18,61,0,-7,1,-19,1,0,44,43,56,45,55,49,60,16,13,4,6,6,8,4,6,14,37,10,2,0,13,10,0,0,81,-25,107,107,102,105,197,195,252,255,342,355,564,562]} 1. e4 e5 2. Nf3 Nc6 3. Bc4 Nf6 4. Ng5 d5 5. exd5 Na5 6. Bb5+ c6 7. dxc6 bxc6 8. Be2 h6 9. Nh3 $1 {[%cal Bg5h3,Bh3g1,Bg1e2,Be2g3][%mdl 4] is currently scoring better than 9.Nf3.} Bd6 10. d3 O-O {C59: Two Knights: 4 Ng5 d5 5 exd5 Na5 5 Bb5+ c6 6 dxc6 bxc6 7 Be2.} 11. Nd2 $5 {[%mdl 4] [#] Exploring less charted territory.} Nd5 $146 {[%mdl 1024] Black has compensation.} ({Predecessor:} 11... c5 12. O-O Bc7 13. Kh1 Rb8 14. Ng1 Nc6 15. c3 Ne7 16. Ne4 Ng6 17. Nxc5 Nd5 18. Bf3 {1-0 (50) Aronian,L (2772)-Ding,L (2799) chess24.com INT 2022}) 12. Ng1 c5 (12... f5 $11 {is superior.}) 13. Bf3 $14 Be6 14. Ne2 Rc8 15. O-O Nc6 16. c3 (16. Bxd5 $14 Bxd5 17. Nc3) 16... f5 17. Re1 Qf6 18. Ng3 Rfd8 19. Nc4 Bb8 {[%cal Od5c3] ...Nxc3! is the strong threat.} 20. Qe2 Bf7 21. h3 Re8 22. Qf1 Rcd8 23. Bd2 Nb6 24. Nxb6 {Black must now prevent Na4.} axb6 {[#]} (24... e4 $1 $11) 25. Rad1 (25. Nxf5 $1 $16 {aiming for Be4.} Bg6 26. g4) 25... Bxa2 {[#]} (25... e4 $11 {remains equal.} 26. Nh5 (26. dxe4 f4 $11) 26... Qg6 27. dxe4 fxe4) 26. Nxf5 $1 $16 {[%mdl 512]} Bb3 {[#]} 27. Ra1 $1 $36 {[%mdl 2048] Black is under strong pressure.} e4 (27... c4 $16 {was called for.}) (27... Bc2 28. Be4) 28. Bxe4 $18 (28. Rxe4 Ne5 29. Bg4 Bc2 $11) 28... Rxe4 (28... Kh8 {is a better defense.}) 29. dxe4 ({Not} 29. Nxh6+ gxh6 30. Rxe4 Bd5 $14) 29... Rxd2 {[#]} 30. Qb5 $1 {[%csl LRb3,LRb6]} Bc2 {[#]} (30... Rxb2 $142 31. Qxc6 Qxc6 32. Ne7+ Kh7 33. Nxc6 Bf4) 31. Qxc6 $3 {[%mdl 512] Weighted Error Value: White=0.11 (very precise) /Black=0.41} 1-0

[Event "Festival Primavera Cattolica 2022"]
[Site "Cattolica"]
[Date "2022.03.18"]
[Round "4.5"]
[White "Hjartarson, Johann"]
[Black "Dardha, Daniel"]
[Result "1/2-1/2"]
[WhiteElo "2470"]
[BlackElo "2541"]
[Annotator "TA"]
[PlyCount "110"]
[EventDate "2022.03.16"]
[EventType "swiss"]
[EventCountry "ITA"]
[SourceTitle "playchess.com"]
[Source "ChessBase"]
[SourceQuality "1"]

{[%evp 11,110,35,35,34,33,-17,16,21,37,24,28,25,48,29,23,36,31,3,15,18,24,16,20,11,12,14,17,12,18,9,23,8,8,7,13,7,10,-11,-10,-5,-14,-16,0,0,0,0,0,0,0,0,0,0,0,0,0,-15,-15,-15,-15,-14,0,0,0,-3,-3,-8,-8,-8,-3,-4,0,0,0,0,0,0,0,0,0,-8,-8,-8,-8,-8,-8,-8,-8,-8,-8,-8,-8,-8,-8,-8,-8,-8,0,0,0,0,8]} 1. d4 Nf6 2. c4 e6 3. Nf3 d5 4. Nc3 c5 5. cxd5 cxd4 6. Qxd4 exd5 7. e4 {D41: Queen's Gambit Declined: Semi-Tarrasch with 5 cxd5.} dxe4 $1 {[%mdl 4] outshines the older 7...Nc6.} 8. Qxd8+ Kxd8 9. Ng5 {[%csl LRe4,LRf7]} Be6 10. Nxe6+ fxe6 11. Bg5 Nc6 12. O-O-O+ (12. Bc4 $5 {[%cal Re1c1]}) 12... Ke8 13. Bb5 Rc8 14. Kb1 Bb4 15. Bxf6 gxf6 16. Nxe4 f5 17. Ng5 Ke7 $1 18. f4 h6 19. Nf3 {Threatening Bxc6.} Rhd8 20. a3 Ba5 21. Rxd8 Nxd8 {The position is equal.} 22. Rd1 Rc7 {To avoid Rd7+} 23. Ne5 {[#]} Bb6 $146 ({Predecessor:} 23... Nf7 24. Nc4 Bb6 25. Nxb6 axb6 26. Be2 Nd6 27. Rd3 Rc8 28. Rb3 Rg8 29. g3 h5 30. Rxb6 {1-0 (66) Carlsen,M (2847)-Vidit,S (2726) chess24.com INT 2021}) 24. g4 fxg4 25. Nxg4 Nf7 26. h4 h5 27. Ne5 Nxe5 28. fxe5 $11 {[%mdl 4096] Endgame KRB-KRB} Rc5 29. Rd7+ Kf8 30. Bd3 Rxe5 31. Bg6 Re1+ 32. Kc2 Rh1 33. Rf7+ Kg8 34. Rxb7 Rxh4 35. Bf7+ Kg7 36. Bxh5+ $1 Kf6 37. Be2 Rh2 38. Kd1 e5 39. b4 Rh1+ 40. Kc2 $1 Re1 41. Bc4 Re3 42. Rf7+ Kg6 43. Re7 Kf5 44. a4 Bd4 {[#] And now ...Rc3+ would win.} 45. Bd3+ e4 46. Rxe4 Rxe4 47. Kb3 $1 Ke5 48. Bxe4 Kxe4 {KB-KPP} 49. Kc4 Ke5 (49... Be3 $5) 50. a5 Be3 (50... a6 $5) 51. Kb5 Kd4 {[#] ( -> ...Kc3)} 52. Ka6 Kc4 53. b5 Bd4 54. b6 axb6 55. axb6 Bxb6 {Weighted Error Value: White=0.03 (flawless) /Black=0.02 (flawless)} 1/2-1/2

[Event "Festival Primavera Cattolica 2022"]
[Site "Cattolica"]
[Date "2022.03.18"]
[Round "4.6"]
[White "Wachinger, Nikolas"]
[Black "Dvirnyy, Danyyil"]
[Result "1/2-1/2"]
[WhiteElo "2398"]
[BlackElo "2496"]
[Annotator "TA"]
[PlyCount "124"]
[EventDate "2022.03.16"]
[EventType "swiss"]
[EventCountry "ITA"]
[SourceTitle "playchess.com"]
[Source "ChessBase"]
[SourceQuality "1"]

{[%evp 10,124,25,25,21,30,32,27,18,20,23,19,21,20,30,8,36,8,20,12,31,16,85,88,81,64,116,32,22,13,3,0,31,-11,-8,-8,0,0,9,10,25,14,21,22,22,4,4,7,13,8,6,6,23,-2,-2,-3,-4,-8,-8,-48,-41,-29,-29,-88,-85,-88,-8,-8,-8,-8,-8,-8,-8,-8,-8,-8,-8,-8,-8,-8,-8,-8,-8,-8,-8,-8,-8,-8,-122,-122,-122,-164,-8,-8,-8,-8,-8,-8,-8,-8,-8,-8,-8,-52,0,0,0,0,0,0,0,0,0,0,0,0,0]} 1. e4 c6 2. Nf3 d5 3. Nc3 dxe4 4. Nxe4 Nf6 5. Qe2 Nxe4 6. Qxe4 Nd7 {B11: Caro-Kann: Two Knights Variation.} 7. d4 Nf6 8. Qf4 Qd6 {White has an edge.} 9. Bd3 Qxf4 10. Bxf4 Bg4 11. Ne5 {[#]} Be6 $146 ({Predecessor:} 11... Bh5 12. f3 e6 13. O-O-O Bg6 14. Rhe1 Bxd3 15. Rxd3 Nd7 16. c4 Bd6 {½-½ (40) Molnar,B (2280)-Mrkonjic,N (2365) Hungary 2019}) 12. a4 (12. O-O {seems wilder.} g6 13. Rfe1 Bg7 14. c3 a5 15. a4) 12... a5 (12... Nd5 {keeps more tension.} 13. Bd2 f6 14. Nc4 Bf7 15. O-O-O e6) 13. Bc4 {White wants to play Bxe6.} (13. c4 {is more complex.} Nh5 14. Bd2 f6 15. Nf3 g5 16. g3) 13... Bxc4 14. Nxc4 Nd5 15. Bd2 Nb4 {[#]} (15... e6 $11) 16. Kd1 $1 $16 e6 17. Ra3 c5 (17... Be7 $14) 18. d5 {White is more active.} (18. Re1 $16) 18... Nxd5 $14 19. Bxa5 Be7 20. Ke2 O-O 21. Rb3 (21. Bb6 $14 {is superior.}) 21... b6 $1 $11 22. Bd2 Rxa4 23. Nxb6 Re4+ 24. Kf3 Rd4 25. Nxd5 exd5 26. Be3 Rc4 27. Rc3 Rxc3 28. bxc3 {[%mdl 4096] Endgame KRB-KRB} Rd8 29. Rb1 f6 30. Rb7 Bd6 31. Bf4 Bxf4 32. Kxf4 {KR-KR} Re8 33. Rd7 Re4+ 34. Kg3 Rc4 35. Rxd5 Rxc3+ 36. f3 (36. Kf4 $11) 36... Rxc2 $17 37. Rd7 Re2 ({Black should try} 37... c4 $17) 38. Rc7 $11 Re5 39. h4 h5 40. Kf4 Kh7 41. g4 Kg6 42. Rd7 hxg4 43. fxg4 Re1 44. Rc7 $1 Rc1 45. h5+ Kh7 46. Rc8 c4 {[%cal Bc5c4,Bc4c3,Bc3c2][%mdl 32]} 47. Ke3 c3 {Strongly threatening ...c2.} 48. Kf2 Kh6 49. Rc5 {[#]} c2 $1 {And now ...Rh1 would win.} 50. Kg2 {Prevents Rh1.} g6 $2 (50... f5 $19 {White must now prevent ...f4.} 51. gxf5 Kxh5) 51. g5+ $1 fxg5 (51... Kh7 $5 52. Rc7+ (52. gxf6 gxh5 53. Rxh5+ Kg6 $11) 52... Kg8 53. Rc8+ Kf7 $11) 52. hxg6 Kxg6 53. Rc8 Kh5 54. Rc4 g4 55. Rc5+ Kg6 (55... Kh4 $5) 56. Rc8 (56. Rc6+ $1 $11 {is more appropriate.} Kg5 57. Rc4) 56... g3 (56... Kf5 $15 57. Rc4 Ke6 58. Rc6+ Kd7) 57. Rc6+ {The position is equal.} Kf5 58. Rc8 Ke4 59. Re8+ Kd3 {[%cal Oc1g1]} 60. Rd8+ Kc3 {[%cal Oc1g1]} 61. Rc8+ Kd3 {( -> ...Rd1)} (61... Kb2 $5 62. Rb8+ Ka3 $11) 62. Rd8+ Kc3 {Weighted Error Value: White=0.08 (flawless) /Black=0.14 (very precise)} 1/2-1/2

[Event "Festival Primavera Cattolica 2022"]
[Site "Cattolica"]
[Date "2022.03.18"]
[Round "4.7"]
[White "Dimitrov, Radoslav"]
[Black "Boder, Jan"]
[Result "1-0"]
[WhiteElo "2487"]
[BlackElo "2274"]
[Annotator "TA"]
[PlyCount "115"]
[EventDate "2022.03.16"]
[EventType "swiss"]
[EventCountry "ITA"]
[SourceTitle "playchess.com"]
[Source "ChessBase"]
[SourceQuality "1"]

{[%evp 9,115,-8,2,-18,-18,-7,0,0,7,0,7,-7,0,0,0,-16,0,-8,-8,-36,-31,-27,-6,-26,-27,-42,-46,-60,-42,-29,-27,-29,-25,-34,0,-80,-12,-11,-15,-20,-7,-18,12,16,32,0,0,0,0,-11,-8,-7,7,7,7,0,0,0,0,0,0,0,0,0,0,0,0,0,0,0,0,0,127,113,160,148,151,145,147,135,123,133,433,278,237,213,527,406,12830,5960,29975,29976,29976,29977,29977,29978,29979,29980,29980,29981,29981,12843,12844,12844,12845,12845,12845,12845]} 1. b3 d5 2. Bb2 Nf6 3. e3 Bf5 4. g3 e6 5. Bg2 c5 6. d3 {A01: Nimzowitsch-Larsen Opening.} Nc6 7. Nd2 Rc8 {[#]} 8. Ngf3 $146 {The position is equal.} ({Predecessor:} 8. Ne2 Qd7 9. O-O Be7 10. h3 h5 11. e4 dxe4 12. dxe4 Bg6 13. Nf4 Rd8 14. Nxg6 fxg6 {1-0 (35) Prazmowski,B (1891)-Prazmowski,W (1619) Warsaw 2011}) 8... h6 9. O-O Be7 10. Qe2 O-O 11. e4 dxe4 12. dxe4 Bh7 13. Rfd1 Qc7 ({Don't play} 13... Nd4 14. Nxd4 cxd4 15. Nc4 $16) 14. c3 Rfd8 15. Ne1 Rd7 16. f3 Rcd8 {[%cal Ob7b5]} 17. Nf1 Rxd1 (17... c4 {looks sharper.} 18. Rxd7 Rxd7 19. b4 Ne5 20. Rd1 Qb6+) 18. Rxd1 Rxd1 (18... Qa5 {feels hotter.} 19. Ra1 c4 20. b4 Qb6+ 21. Ne3 Ne5) 19. Qxd1 c4 {White should prevent ...Qa5.} 20. b4 {Prevents Qa5.} b5 21. Bc1 Nd7 (21... a5 {is more complex.} 22. a3 Qe5 23. Qc2 Qb8 24. Bf4 Qb7) 22. f4 (22. a4 $11 {keeps the balance.}) 22... Nb6 ({Black should play} 22... Nf6 $17 23. e5 Ne4) 23. Be3 $11 Na4 24. Qd2 Kf8 25. Nc2 Ke8 26. Nd4 a6 27. Nxc6 (27. e5 {looks sharper.} Nb8 28. g4 Bd3 29. Ng3 Kf8 30. Ne4) 27... Qxc6 28. Qd4 f6 29. Nd2 Qd7 30. Kf2 Qxd4 31. Bxd4 Kd7 32. e5 fxe5 33. fxe5 ({Reject} 33. Bxe5 Bf6 34. a3 Bxe5 35. fxe5 Nxc3 $17) 33... Bg5 34. Ke1 Kc7 35. Ne4 Bxe4 36. Bxe4 {[%mdl 4096] Endgame KBB-KBN} Nb6 37. h4 Bd8 38. Ke2 Nd5 39. Kf3 {Threatens to win with Bxd5.} Ne7 40. Bc5 Kd7 (40... Nc6 $11 {remains equal.}) 41. Bb7 $1 $16 {White is more active.} a5 {[#]} (41... Nd5 $142) 42. bxa5 $1 Bxa5 43. Ba6 Bxc3 44. Bxb5+ {This bishop pair is nice.} Nc6 45. Bd6 {Strongly threatening h5.} Bd4 $2 {[%mdl 8192] Loses the game.} (45... g6 $16 46. a4 h5) 46. Ke4 {Black must now prevent Bxc6+.} Bf2 {[#]} 47. h5 $1 ({But not} 47. Bxc4 $6 Bxg3 48. h5 Ne7) 47... c3 $2 (47... Bxg3 {is tougher.} 48. Bxc4 Ne7) 48. Kd3 $18 {Hoping for g4.} Be1 (48... c2 $142 49. Kxc2 Bxg3) 49. g4 (49. a4 $142 c2 50. Kxc2) 49... Bd2 50. a4 {[%cal Ba2a4,Ba4a5,Ba5a6,Ba6a7][%mdl 32]} Be1 51. Kc2 Bh4 52. a5 Bd8 53. a6 Bb6 54. Kxc3 Ba5+ 55. Kc4 (55. Kb3 $142 Bb6 56. Kc4 Ba7 57. Bc5 Bb8 58. a7 Bxa7 59. Bxa7 Kc7 60. Bxc6) 55... Bb6 {White is clearly winning.} 56. Bc5 Kc7 57. Bxc6 Kxc6 {[#]} 58. a7 $1 {Weighted Error Value: White=0.11 (very precise) /Black=0.32} 1-0